| 000 | 00777nam a2200253 a 4500 | ||
|---|---|---|---|
| 001 | 000038951 | ||
| 005 | 20240530073921.0 | ||
| 008 | 130508s2000 dr r 000 f spa d | ||
| 020 | _a8484000001 | ||
| 040 |
_aDO-SdBNP _bspa _cBNPHU |
||
| 082 |
_aRD863.42 _bM385o, 2000 |
||
| 100 | 1 |
_aMarrero Aristy, Ramón, _d1913-1959 _922324 |
|
| 245 | 1 | 0 |
_aOver / _cRamón Marrero Aristy. |
| 250 | _a20 ed. | ||
| 260 |
_aSanto Domingo : _bTaller, _c2000. |
||
| 300 |
_a213 p. ; _c22 cm. |
||
| 490 | 1 |
_aBiblioteca Taller _v14 |
|
| 500 | _aIncluye datos biográficos del autor | ||
| 590 | _aInventariado, 2019 / DG | ||
| 650 | 0 |
_aNovela dominicana _9223 |
|
| 650 | 0 |
_aLiteratura dominicana. _967 |
|
| 830 | 0 |
_aBiblioteca Taller _n14 _931998 |
|
| 910 | _aValidado. Control de calidad MFF | ||
| 999 |
_c38441 _d38441 |
||